书目信息 |
| 题名: |
实践生态学
|
|
| 作者: | 帕尔曼 , 米尔德 著 ;李雄 , 孙漪南 译 | |
| 分册: | ||
| 出版信息: | 北京 中国建筑工业出版社 2017.03 |
|
| 页数: | 244页 | |
| 开本: | 26cm | |
| 丛书名: | 生态规划理论译丛 | |
| 单 册: | ||
| 中图分类: | Q14 | |
| 科图分类: | ||
| 主题词: | 生态学--sheng tai xue | |
| 电子资源: | ||
| ISBN: | 978-7-112-20032-0 | |
| 000 | 01187nam 2200313 450 | |
| 001 | 0100002001 | |
| 005 | 20220916084253.09 | |
| 010 | @a978-7-112-20032-0@dCNY58.00 | |
| 100 | @a20170329d2017 em y0chiy50 ea | |
| 101 | 1 | @achi@ceng |
| 102 | @aCN@b110000 | |
| 105 | @aak z 000yy | |
| 200 | 1 | @a实践生态学@Ashi jian sheng tai xue@f(美) 丹·帕尔曼, 杰弗里·米尔德著@g李雄, 孙漪南译 |
| 210 | @a北京@c中国建筑工业出版社@d2017.03 | |
| 215 | @a244页@c图 (部分彩图)@d26cm | |
| 225 | 2 | @a生态规划理论译丛@Asheng tai gui hua li lun yi cong |
| 306 | @a由美国Isiand出版社授权出版 | |
| 312 | @a英文题名取自封面 | |
| 330 | @a本书分为人类、自然及其相互作用 ; 生态学 ; 应用三部分。主要内容包括: 人类的规划 ; 生态与生态多样性介绍 ; 当人类和自然发生冲突 ; 随时间流逝改变 ; 种群与群落 ; 景观生态学等。 | |
| 410 | 0 | @12001 @a生态规划理论译丛 |
| 500 | 10 | @aPractical ecology@mChinese |
| 606 | 0 | @a生态学@Asheng tai xue |
| 690 | @aQ14@v5 | |
| 701 | 1 | @a帕尔曼@Apa er man@g(Perlman, Dan)@4著 |
| 701 | 1 | @a米尔德@Ami er de@g(Milder, Jeffrey)@4著 |
| 702 | 0 | @a李雄@Ali xiong@4译 |
| 702 | 0 | @a孙漪南@Asun yi nan@4译 |
| 801 | 0 | @aCN@b河南城建学院图书馆@c20180910 |
| 905 | @dQ14@eP014 | |
| 实践生态学/(美) 丹·帕尔曼, 杰弗里·米尔德著/李雄, 孙漪南译.-北京:中国建筑工业出版社,2017.03 |
| 244页:图 (部分彩图);26cm.-(生态规划理论译丛) |
| ISBN 978-7-112-20032-0:CNY58.00 |
| 本书分为人类、自然及其相互作用 ; 生态学 ; 应用三部分。主要内容包括: 人类的规划 ; 生态与生态多样性介绍 ; 当人类和自然发生冲突 ; 随时间流逝改变 ; 种群与群落 ; 景观生态学等。 |
| ● |
| 相关链接 |
|
|
|
正题名:实践生态学
索取号:Q14/P014
 
预约/预借
| 序号 | 登录号 | 条形码 | 馆藏地/架位号 | 状态 | 备注 |
| 1 | 1243732 | 212437326 | 自科库401/401自科库 25排3列4层/ [索取号:Q14/P014] | 在馆 | |
| 2 | 1404017 | 214040170 | 自科库401/401自科库 25排3列4层/ [索取号:Q14/P014] | 在馆 | |
| 3 | 1404018 | 214040189 | 自科库401/401自科库 25排3列4层/ [索取号:Q14/P014] | 在馆 | |
| 4 | 1503900 | 215039009 | 建筑与城市规划学院资料室/ [索取号:Q14/P014] | 在馆 | |
| 5 | 1503901 | 215039018 | 建筑与城市规划学院资料室/ [索取号:Q14/P014] | 在馆 | |
| 6 | 1503902 | 215039027 | 建筑与城市规划学院资料室/ [索取号:Q14/P014] | 在馆 |